Old Testament ethics : a paradigmatic approach /
Guardado en:
| Autor principal: | |
|---|---|
| Formato: | Libro |
| Lenguaje: | inglés |
| Publicado: |
Louisville :
Westminster,
1994.
|
| Materias: | |
| Etiquetas: |
Sin Etiquetas, Sea el primero en etiquetar este registro!
|
MARC
| LEADER | 00000cam a22000002a 4500 | ||
|---|---|---|---|
| 001 | 0000013019 | ||
| 003 | DAYSTAR | ||
| 005 | 20171002014755.0 | ||
| 008 | 030703s1994 xx 001 0 eng d | ||
| 020 | |a 0664254101 | ||
| 040 | |a Daystar | ||
| 040 | |d LKithuka | ||
| 050 | 1 | |a BS 1199 |b .E8 |b J29 | |
| 100 | 1 | |a Janzen, Waldemar. | |
| 245 | 1 | 0 | |a Old Testament ethics : |b a paradigmatic approach / |c Waldemar Janzen. |
| 260 | |a Louisville : |b Westminster, |c 1994. | ||
| 300 | |a 236 p. | ||
| 630 | 0 | 0 | |a Bible. O.T.--Theology. |
| 650 | 0 | |a Ethics in the Bible. | |
| 908 | |a 060412 | ||
| 942 | |c G | ||
| 952 | |0 1 |1 0 |4 0 |6 BS_1199_000000000000000_E8J29 |7 0 |9 6857 |a DUA |b DUA |c STORE |d 2017-09-28 |l 0 |o BS 1199.E8J29 |p BK002896 |r 2017-09-28 00:00:00 |w 2017-09-28 |x 50488 |y G | ||
| 999 | |c 4501 |d 4501 | ||